|
|
|
|
| LEADER |
00000nam0a2200000 4500 |
| 001 |
253698 |
| 005 |
20231031214544.0 |
| 010 |
|
|
|a 5010018934
|
| 020 |
|
|
|a RU
|b 89-48136
|
| 035 |
|
|
|a (RuTPU)RU\TPU\book\276107
|
| 090 |
|
|
|a 253698
|
| 100 |
|
|
|a 20140315d1989 km y0rusy5003 ca
|
| 101 |
1 |
|
|a rus
|c ice
|
| 102 |
|
|
|a RU
|
| 105 |
|
|
|a y z 000zy
|
| 200 |
1 |
|
|a Завтра всегда поздно
|e пер. с исп.
|f Федерико Майор Сарагоса
|g предисл. Ч. Айтматова
|
| 210 |
|
|
|a Москва
|c Прогресс
|d 1989
|
| 215 |
|
|
|a 318 с.
|d 20 см
|
| 606 |
1 |
|
|a Общественное развитие
|x В целом
|2 stltpush
|3 (RuTPU)RU\TPU\subj\37762
|
| 610 |
1 |
|
|a глобальные проблемы
|
| 610 |
1 |
|
|a действительность
|
| 610 |
1 |
|
|a перспективы
|
| 610 |
1 |
|
|a права человека
|
| 610 |
1 |
|
|a наука
|
| 610 |
1 |
|
|a образование
|
| 686 |
|
|
|a С55
|v LBC/SL-A
|2 rubbk
|
| 700 |
|
1 |
|a Сарагоса
|b Ф. М.
|g Федерико Майор
|4 070
|
| 702 |
|
1 |
|a Айтматов
|b Ч.
|g Чингиз
|4 080
|
| 801 |
|
0 |
|a RU
|b RuMRKP
|c 19950417
|g psbo
|
| 801 |
|
1 |
|a RU
|b 63413507
|c 20140315
|
| 801 |
|
2 |
|a RU
|b 63413507
|c 20140424
|g RCR
|
| 942 |
|
|
|c BK
|